Les spécialités culinaires et boissons argentines - mort subite - Statistiques

Statistiques générales
  • Ce quiz a été pris 26 fois
  • Le résultat moyen est 7 sur 15
Answers on the Grid
Answers color-coded by a green-red scale on the quiz's grid according to % correct below.
Empanadas
Pizza
Chocotorta
Tiramisu
Maté
Ceviche
Alfajores
Humita
Houmous
Choripan
Asado (parilla)
Lomo de llama
Rogel
Paella
Fajitas
Dulce de leche
Dulce de cayotte
Pastafrola
Cuy
Tacos
Caïpirinha
Cocodrilo
Mojito
Tapas
Pastel de nata
Moussaka
Malbec
Fernet Coca
Tamales
Quesadillas
 
Statistiques - réponses
Réponse % Correct
Empanadas
93%
Maté
86%
Asado (parilla)
71%
Dulce de leche
71%
Alfajores
57%
Choripan
57%
Lomo de llama
50%
Fernet Coca
43%
Malbec
43%
Chocotorta
36%
Humita
36%
Pastafrola
36%
Tamales
29%
Dulce de cayotte
14%
Rogel
14%
Aucun quiz correspondant
Distribution des résultats
% des personnes avec chaque résultat
Percentile par nombre de réponses
Votre historique - résultats
Vous n’avez pas pris ce quiz